Memoria Seminario Derechos humanos y Universidad:Dotrina, experiencias, propuestas, 2 (setiembre, 27-29,1995)

El II Seminario sobre Educación Superior y Derechos Humanos contó con la participación del Colegio de Abogados, Universidades de Costa Rica y Nicaragua, buscando apoyar procesos de estudio y transformación de la educación superior en materia jurídica. El documento presenta la conferencia del Dr. Al...

Deskribapen osoa

Gorde:
Xehetasun bibliografikoak
Egile korporatiboa: Universidad de Costa Rica, Consejo Superior Universitario Centroamericano (CSUCA), Unión Europea
Beste egile batzuk: Dobles Oropeza, Ignacio
Formatua: Texto
Hizkuntza:Spanish
Argitaratua: San José, Costa Rica Oficina de Publicaciones de la Universidad de Costa Rica 1996
Gaiak:
Etiketak: Etiketa erantsi
Etiketarik gabe, Izan zaitez lehena erregistro honi etiketa jartzen!

MARC

LEADER 00000 a a2200000 04500
001 35207
003 cru CIDCACS/IIS
005 20230619123242.0
007 ta
008 190110b1996 CR ||||| |||| 00| 0 spa d
040 |c cru CIDCACS/IIS 
090 |a 04.02.01 D633d  
110 2 |9 458  |a Universidad de Costa Rica 
245 |a Memoria   |b Seminario Derechos humanos y Universidad:Dotrina, experiencias, propuestas, 2 (setiembre, 27-29,1995)  |c Universidad de Costa Rica; Consejo Superior Universitario Centroamericano (CSUCA); Unión Europea e ignacio Dobles Oropeza, editor 
260 |a San José, Costa Rica  |b Oficina de Publicaciones de la Universidad de Costa Rica   |c 1996 
300 |a 115 páginas 
520 |a El II Seminario sobre Educación Superior y Derechos Humanos contó con la participación del Colegio de Abogados, Universidades de Costa Rica y Nicaragua, buscando apoyar procesos de estudio y transformación de la educación superior en materia jurídica. El documento presenta la conferencia del Dr. Alejandro Serrano, de la UNAN sobre "Derechos Humanos en un Mundo Deshumanizado" el informe que ofrece la comisión organizadora así como doctrinas experiencias y propuestas  
650 |a ENSEÑANZA SUPERIOR  
650 |a DERECHOS HUMANOS  
650 |a COSTA RICA  
700 1 |9 4707  |a Dobles Oropeza, Ignacio 
710 1 |9 8176  |a Consejo Superior Universitario Centroamericano (CSUCA) 
710 1 |9 8177  |a Unión Europea 
942 |2 ddc  |c LI 
999 |c 10236  |d 10236